| 000 | 00000nam 2200000zi 4500 |
| 001 | 9.946715 |
| 003 | CaOODSP |
| 005 | 20250303103444 |
| 006 | m o d f |
| 007 | cr |n||||||||| |
| 008 | 250110s1955 onca ob f000 0 eng d |
| 040 | |aCaOODSP|beng|erda|cCaOODSP |
| 043 | |an-cn-ab |
| 086 | 1 |aA52-209/1955E-PDF |
| 086 | 1 |zA51-139E-PDF |
| 100 | 1 |aPeters, H. F., |eauthor. |
| 245 | 10|aRange Experimental Farm, Manyberries, Alberta : |bprogress report, 1948-1953 / |cH. F. Peters. |
| 264 | 1|aOttawa, Canada : |bMinister of Agriculture, |c[1955] |
| 300 | |a1 online resource (45 pages) : |billustrations |
| 336 | |atext|btxt|2rdacontent |
| 337 | |acomputer|bc|2rdamedia |
| 338 | |aonline resource|bcr|2rdacarrier |
| 500 | |aDigitized edition from print [provided by Agriculture and Agri-Food Canada]. |
| 504 | |aIncludes bibliographical references (page 45). |
| 610 | 25|bRange Experimental Farm (Manyberries, Alta.) |
| 610 | 25|aRange Experimental Farm (Manyberries, Alb.) |
| 650 | 0|aAgricultural experiment stations|zAlberta|zManyberries. |
| 650 | 6|aStations agronomiques|zAlberta|zManyberries. |
| 710 | 2 |bRange Experimental Farm (Manyberries, Alta.), |eissuing body. |
| 710 | 1 |aCanada. |bExperimental Farms Service, |eissuing body. |
| 856 | 40|qPDF|s8.91 MB|uhttps://publications.gc.ca/collections/collection_2025/aac-aafc/A51-139-1953-eng.pdf |